[Event "EU-Cup 18th"]
[Site "Kallithea"]
[Date "2002.09.28"]
[Round "7.6"]
[White "Horvath, Gyula"]
[Black "Lugovoi, Aleksei"]
[Result "1-0"]
[WhiteElo "2435"]
[BlackElo "2516"]
[Annotator "Golod,V"]
[PlyCount "111"]
[EventDate "2002.09.22"]
[EventType "team-swiss"]
[EventRounds "7"]
[EventCountry "GRE"]
[SourceTitle "CBM 092"]
[Source "ChessBase"]
[SourceDate "2003.02.06"]
[SourceVersion "1"]
[SourceVersionDate "2003.02.06"]
[SourceQuality "1"]
[WhiteTeam "Zalaegerszeg"]
[BlackTeam "Kiseljak"]
[WhiteTeamCountry "HUN"]
[BlackTeamCountry "BIH"]

1. d4 Nf6 2. c4 e6 3. Nc3 Bb4 4. Qc2 O-O 5. a3 Bxc3+ 6. Qxc3 b6 7. Nf3 Bb7 8.
g3 d6 9. Bg2 Nbd7 10. O-O Be4 (10... h6 {(In my opinion it's superfluous move.)
See comments to Grigore,G-Cosma,I/Bucuresti,1998/CBM 69(1-0)(Golod,V)(48) It
was better:10...Qe7!? or 10...c5!?}) 11. b3 ({Maybe there is a reason to move
this pawn on two field forward:} 11. b4 Qe7 (11... c6 $5 12. Bh3 Bxf3 13. Qxf3
d5 14. c5 (14. Bf4 $5 {/\Rfc1 or Rac1}) 14... bxc5 15. bxc5 e5 $132 {Sjoberg,
M-Engqvist,T/Stockholm,1993(1/2-1/2)(52)}) 12. Bb2 c5 13. Rfd1 Rac8 14. Rac1 d5
15. dxc5 bxc5 16. cxd5 Bxd5 17. b5 $14 {Kelly,B-Turner,M/Bunratty,2001(1/2-1/2)
(38)}) 11... c6 $146 ({it were checked in the preceding game:} 11... Re8 $5 12.
Bb2 a5 13. Bh3 h6 14. Nd2 Bb7 15. Rfe1 c5 16. b4 Qc7 17. e4 axb4 18. axb4 Rxa1
19. Bxa1 e5 20. d5 {+/=/= Mikhalevski,A-Riemersma,L/Hania,1993(1-0)(56)}) 12.
Bb2 Qb8 {I don't really understand why the queen was moved by this way.Maybe
for the start would be good to:} (12... d5 {and then decide where to move
queen.}) 13. Bh3 {Usual method for this positions,white doesn't want to
exchange white squares bishops so to free "Nf3".} d5 {Otherwise white are
making:Nd2 and will prepare:e4.} 14. Rac1 Qb7 15. Qe3 {Here queen holds more
useful position and if needed,could be immediately moved on king side.It does
not make feeling black well,because their queen is located pretty far.} h6 {
[%csl Yh6][%cal Yh6g5]} 16. Rfd1 a5 17. Nd2 Bg6 18. Bg2 $14 {Finally the
bishop can come back.} Rac8 ({I can recommend:} 18... a4 19. b4 b5 {but even
here,after:} 20. c5 {white save a positional advantage.}) 19. Qf4 Rfe8 20. g4
$5 {Gyula Horvath occupy space and start to think about active actions:h4,Bf3,
Kg2,Rh1 and so on.} b5 {Black can not play passively,otherwise white step by
step will crush them.Maybe it was necessary to propose a exchange of queens:} (
20... Qc7 $5 21. Qxc7 Rxc7 22. h4 $1 $36 {[%csl Rc7][%cal Gc4d5,Gg4g5,Gg2d5]})
21. c5 b4 22. a4 e5 $2 {Too optimistically!} (22... Qc7 $142) 23. dxe5 $140 Qb8
24. Nf3 Ne4 {קc5;/\f6(ףf4).} 25. Qe3 {By this way white decide both problems
at the same time.} f6 26. Nh4 $1 {Otherwise black will have perfect
compensation over the pawn.} Bh7 $8 27. Bxe4 Bxe4 28. exf6 Nxf6 ({It is clear,
that impossibly:} 28... Bc2 $4 {in view of:} 29. f7+ $1 Kxf7 30. Qf3+ {[%csl
Rc2]}) 29. Qg3 $6 {I think,that one more pawn could be taken:} (29. Bxf6 Bh7 (
29... Bc2 $2 30. Be7 Bxd1 31. Rxd1 $18 {[%csl Yh4][%cal Yh4f5,Yh4g6]}) (29...
gxf6 $143 30. Qxh6 Qe5 31. Nf3 Bxf3 32. Qg6+ Kf8 33. exf3 $18) 30. Qd2 gxf6 31.
Qxh6 Qe5 32. e3 {+/-/+-}) 29... Qxg3+ 30. hxg3 Nxg4 (30... Re6 $5 31. Bd4 {
+/=/+/-}) 31. f3 Ne3 32. fxe4 Nxd1 33. Rxd1 Rxe4 34. Nf5 $16 Rxe2 (34... Rf8
$143 35. Nd4 {[%csl Rc6,Yd4][%cal Yd4e2,Gd4c6]}) 35. Bxg7 h5 36. Bh6 Kh7 37.
Bf4 Kg6 38. Nd4 {White has perfectly located their pieces.} Re4 39. Bd6 h4 40.
gxh4 Rxh4 41. Kf2 Re4 42. Rd3 Rg4 43. Rg3 $1 {Rc8 is attached to pawn ''c6''
and that's why after second black's rook was exchanged,white with no
difficulties will win the game.} Kh5 ({Also loses:} 43... Rxg3 44. Kxg3 Kg5 45.
Kf3 Kg6 46. Kg4 Kf6 47. Kf4 Kg6 (47... Kf7 48. Kf5 $22) 48. Nf5 {/\Ne7+-}) 44.
Nf5 Kg5 45. Ne7 $18 Rxg3 46. Kxg3 Re8 47. Kf3 {[%csl Yf3][%cal Yf3e3]} Rf8+ 48.
Ke2 Rh8 49. Nxc6 Kf5 50. Nxa5 {Further resistance has no reason.} Ke4 51. c6
Rg8 52. c7 d4 53. Nc4 d3+ 54. Kf1 Rh8 55. Bxb4 Kf3 56. Ke1 1-0

[Event "Karpov-Piket Match"]
[Site "Monte Carlo"]
[Date "1999.02.27"]
[Round "6"]
[White "Karpov, Anatoly"]
[Black "Piket, Jeroen"]
[Result "1/2-1/2"]
[WhiteElo "2710"]
[BlackElo "2619"]
[Annotator "Golod,V"]
[PlyCount "95"]
[EventDate "1999.02.21"]
[EventType "match"]
[EventRounds "8"]
[EventCountry "MNC"]
[SourceTitle "CBM 070"]
[Source "ChessBase"]
[SourceDate "1999.06.08"]
[SourceVersion "1"]
[SourceVersionDate "1999.06.08"]
[SourceQuality "1"]

1. d4 {Piket} Nf6 2. c4 e6 3. Nc3 Bb4 4. Qc2 O-O 5. a3 Bxc3+ 6. Qxc3 b6 7. Bg5
Bb7 8. f3 h6 $5 (8... d5 $5 9. e3 Nbd7 10. Nh3 $5 {-see comments to Elbilia,
J-Gershon,A/Bermuda,1999/CBM 69(1/2-1/2)(Golod,V)(43)}) 9. Bh4 d5 10. e3 c5 $5
(10... Nbd7 $5 {(is the main line)-see comments to Teplitsky,Y-Gershon,A/
Bermuda,1999/CBM 69(1/2-1/2)(Golod,V)(27),and Gelfand,B-Tiviakov,S/Elista,1998/
CBM 65(1/2-1/2)(Golod,V)(23)}) 11. dxc5 $5 ({Another alternative is:} 11. cxd5
$5 g5 $5 (11... Nxd5 {Dautov} 12. Bxd8 Nxc3 13. Be7 (13. Bxb6 $1 $14 {Golod,V})
13... Re8 14. bxc3 (14. Bxc5 $2 Nd5) (14. Bh4 $2 Nd5 15. e4 $2 Ne3 $17) 14...
Rxe7 $10) (11... cxd4 $2 12. Qxd4 g5 13. Bg3 exd5 14. Bxb8 $1 Rxb8 $140 15. h4
$16 {1-0 Balogh,A-Rouleau,P/Montreal 1996/EXT 99 (40)}) 12. Bf2 Nxd5 13. Qd2
cxd4 14. exd4 Nc6 $5 $13 {(Dautov)} (14... e5 $143 15. h4 (15. dxe5 $5 Re8 16.
Bg3 Nc6 17. Bb5 $14) 15... exd4 16. hxg5 Re8+ 17. Ne2 d3 $1 $132 {1/2-1/2
Ivanchuk,V-Kasparov,G/Frankfurt 1998/CBM 65 ext (48)})) 11... bxc5 12. Bxf6 $5
{Besides,white has several options:} (12. cxd5 $5 {Dautov} g5 $1 (12... exd5 {
Luther} 13. Qxc5 Nc6 $44) 13. Bf2 Nxd5 14. Qd2 (14. Qxc5 $5 Qf6 $5 15. Qd4 Qxd4
16. exd4 Rc8 17. Kd2 Nc6 18. b4 Rd8 $44) 14... Qf6 $5 (14... Nb6 $143 15. Qc2
Kg7 16. h4 f6 17. hxg5 fxg5 18. Ne2 N8d7 19. O-O-O Qe8 20. Ng3 $16 {1-0 Jelen,
I-Podlesnik,B/Grize 1996/EXT 97 (27)}) (14... Nc6 15. Ne2 Ne5 16. Nc3 c4 17.
Nxd5 Qxd5 18. e4 Qxd2+ 19. Kxd2 Rfd8+ 20. Kc3 Nd3 21. Be3 Ba6 {1/2-1/2 Topalov,
V-Lautier,J/Monte Carlo MNC 1999 (21)}) 15. h4 Rd8 $1 {[%csl Rg8][%cal Gg8f8,
Gf8e7]} (15... Nc6 $6 16. hxg5 hxg5 17. Qc2 Qg7 18. Ne2 Rfd8 19. Nc3 Nxc3 20.
bxc3 Ne5 21. e4 Qf6 22. Rb1 $16 {Sadler,M-Luther,T/Cuxhaven,1994/Inf 61/(578)
(22)}) 16. Qc2 Qe5 17. e4 Nc6 18. Be2 $6 (18. hxg5 $5 hxg5 19. Bxc5 $13) 18...
Nf4 19. g3 Nxe2 20. Nxe2 Nd4 21. Nxd4 cxd4 $15 {Dzevlan-Luther/Budapest
Kasparov/1991}) (12. O-O-O $143 Nbd7 13. Nh3 Qb6 14. Nf2 Bc6 15. Be2 Rab8 16.
Rd2 a5 17. Qc2 Rfc8 $10 {Mohr-Gruenberg/Bad Lauterberg/1991}) (12. Bd3 $143 d4
13. exd4 cxd4 14. Qc2 Nbd7 (14... e5 $5) 15. Ne2 Rc8 16. O-O e5 17. Bf2 Nc5 18.
b4 Nxd3 19. Qxd3 Qe7 20. Ng3 Rfe8 $11 {1-0 Grigutavicius,D-Bacrot,E/Paris 1996/
Juniors}) 12... Qxf6 13. Qxf6 gxf6 14. O-O-O $5 $146 {[%mdl 8] 'N!' Piket.} (
14. Rc1 {[%csl Rc5] Dautov} Nd7 15. cxd5 Bxd5 (15... exd5 $2 16. Bb5 Rfd8 17.
Bxd7 Rxd7 18. Rxc5 $16) 16. Bb5 $5 (16. Ne2 $6 {-see comments to Lautier,
J-Gelfand,B/Dos Hermanas,1995/CBM(0-1)(Gelfand)(73)}) 16... Rfd8 17. Ne2 (17.
Bxd7 $143 Rxd7 18. Rxc5 Bb3 19. Rc1 Rad8 20. Ne2 Rd2 $15) (17. e4 $143 Bb3 18.
Ne2 (18. Rc3 c4 19. Bxc4 Bxc4 20. Rxc4 Ne5 21. Rc2 Rac8 22. Rxc8 Rxc8 $36)
18... Rab8 19. Nc3 (19. Bxd7 $143 Rxd7 $15) 19... Ne5 20. Ke2 $140 $2 Bc4+ 21.
Bxc4 Rxb2+ $17) 17... Rab8 18. a4 (18. Nc3 $5 {Dautov}) 18... a6 19. Bxa6 Rxb2
$10 {-see comments to Bareev,E-Luther,T/Tilburg,1994/CBM 44(1/2-1/2)(Dautov)
(24)}) (14. Ne2 $6 Nd7 15. cxd5 Bxd5 16. O-O-O Ne5 $5 (16... Rfd8 $5 17. Nc3
Bb3 18. Rd2 Nb6 $5 (18... f5 $5 19. e4 fxe4 20. Nxe4 f5 21. Nc3 Ne5 22. Be2 Nc6
23. Bd1 Nd4 $11 {1/2-1/2 Ilincic,Z-Gligoric,S/Podgorica 1996/CBM 53 (44)}) 19.
Rxd8+ Rxd8 20. Be2 f5 21. Bd1 Bd5 {1/2-1/2 Drasko,M-Gligoric,S/Podgorica 1996/
CBM 53 (21)}) 17. Nc3 Bb3 18. Rd2 Rfd8 19. Rxd8+ Rxd8 20. Be2 Kf8 21. Rf1 f5
22. e4 f4 {=/=/+;1/2-1/2 Sokolov,I-Kamsky,G/Groningen 1995/CBM 51 (51)}) (14.
cxd5 $6 exd5 $5 {Dautov(><e3)} (14... Bxd5 $5 15. Rc1 Rc8 16. e4 Bb3 17. Rc3 c4
18. Ne2 $6 (18. f4 $5 {[%cal Gg1f3,Gf3d2]}) 18... Nd7 19. Nd4 Rab8 20. Kd2 Ba4
21. Kc1 Nb6 $15 {0-1 Andersson,J-Lampen,T/Vantaa 1996/EXT 99 (30)}) 15. Bd3 (
15. Rc1 $144 c4 16. Ne2 Nc6 17. Kd2 Rad8 18. Nd4 Nxd4 19. exd4 Bc8 $10) (15.
Ne2 $5) 15... Nc6 16. Ne2 Ne5 $10) 14... dxc4 $1 ({Dubious:} 14... Rd8 {
because of:} 15. cxd5 Rxd5 (15... exd5 16. Nh3 $14) 16. Rxd5 exd5 (16... Bxd5
17. Ne2 $14) 17. Bd3 {and white has a slight advantage in the endgame.}) (14...
Nd7 {Piket} 15. cxd5 Bxd5 (15... exd5 16. Nh3) 16. e4 Bc6 17. Rd6 Ne5 $5 (17...
Rac8 18. Ba6 Rc7 19. Ne2 $16) (17... Rfc8 18. Ba6 Rc7 19. Ne2 $16 (19. Rxc6
Rxc6 20. Bb7 Rac8 $13))) 15. Bxc4 Nc6 {/\Ne5} 16. Nh3 $5 {[%csl Yc4,Ye2] +/=/=}
({Slightly worse is:} 16. Ne2 {in view of:} Ne5 17. Ba2 Rfd8 $11 {[%cal Gg8f8,
Gf8e7]} (17... Ba6 $143 18. Nf4 $14)) (16. Rd7 $2 {is refuted by:} Ne5 17. Rxb7
Nxc4 18. e4 Rfb8 $15 {[%csl Rb2]}) 16... Ne5 17. Be2 Bd5 ({Also can be
recommended:} 17... Rfd8 18. Nf4 Kf8 {/\Ke7+/=/=}) 18. Rd2 f5 $5 {(><e4)} 19.
Nf2 (19. Re1 Rab8 20. Nf2 {transfers to-19.Nf2}) 19... Rab8 20. Re1 ({
Senseless:} 20. Rc2 {because of:} Rfc8 21. Rc3 Bb3 $11) (20. Kb1 $5 {Piket})
20... Rfc8 {[%csl Gc5,Yc8][%cal Yc8c5] /\c5-c4} 21. Nd1 {[%csl Rc3][%cal Gd1c3]
} ({Interestingly} 21. f4 $5) (21. f4 {Piket} Nc6 22. g4 Na5) 21... Bc4 $5 22.
f4 (22. Bxc4 $143 Nxc4 23. Rc2 (23. Rd7 $143 Ne5 {[%csl Rc1,Re1][%cal Ge5d3]})
23... Ne5 $11) 22... Bxe2 23. Rexe2 Nc6 $5 {[%csl Ra7,Yc6][%cal Yc6a7,Gg8f8,
Gf8e7]} 24. Rd7 Kf8 25. Red2 Ke8 {[%csl Rc1,Rd2,Rd7][%cal Gc6d4,Gd4b3]} ({
After:} 25... Rd8 $2 26. Rc7 {white has a big advantage.}) (25... Rb6 {Piket})
26. R2d6 Rb3 {[%csl Re3] '!' Piket.} (26... Rb6 $2 {Piket} 27. Rxa7) 27. g3 (
27. Kc2 $142 c4 28. Nc3 $36) 27... a6 (27... h5 $5 {Piket}) 28. Kc2 c4 {
with the idea:29...Rd3!/\30.Rd3 cxd3 31.Rxd3 Nb4+(צd3)} 29. Rd2 ({Dubious:} 
29. Nc3 {in view of:} Ne7 {[%csl Rb2][%cal Gc8b8]} (29... Rcb8 {Piket}) 30. Ra7
$140 $2 Rcb8 31. Nd1 Nc8 {[%csl Ra7,Rd6]} 32. Rdxa6 Nxa7 33. Rxa7 $17) (29. h3
{Piket} Rd3 $1) 29... h5 $5 {[%csl Gh5,Rh6][%cal Gh6h5]} 30. R7d6 Rc7 {[%cal
Ge8e7]} 31. Nc3 Ke7 32. Rd1 $6 ({Can be recommended:} 32. e4 $5) 32... Rb6 {
[%csl Rd6][%cal Gc6b4]} 33. Kc1 Rb3 34. Kc2 Rb6 35. Kb1 $138 Rb3 36. Ka1 {
'?!' Piket.} (36. Ka2 $144 Rb6 {[%csl Rd6][%cal Gc6b4]}) 36... Nb8 $5 {<->b}
37. R6d4 ({Badly:} 37. Kb1 {in view of:} Rcb7 {[%csl Rb2,Rc3][%cal Gb3c3,Gb3b2]
} 38. Na4 Rxa3 39. Nc5 Rb5 $17) 37... Rb6 38. e4 (38. Ka2 $5) 38... fxe4 39.
Rxe4 (39. Nxe4 $142 Nd7 {+/=/=} (39... Rd7 $6 40. Nc5 Rdd6 41. Kb1 Rbc6 42.
Rxd6 Rxd6 43. Rxd6 Kxd6 44. Ne4+ $16 {[%csl Rc4,Rh5]})) (39. Rd5 {Piket} Rcb7)
39... Rd6 $11 40. Rxd6 (40. Rd5 {Piket} Nd7) (40. Nd5+ {Piket} Kd8) 40... Kxd6
41. Kb1 (41. f5 $5 {Piket}) 41... f5 $1 42. Rd4+ Ke7 {Black's plan is:Nd7-b6
(קc4) or Nd7-f6-g4} 43. Kc2 Nd7 44. Nd1 {[%csl Rc4][%cal Gd1e3]} (44. Na4 $142
{Piket} Nf6 45. Nb6 Ng4 46. h4 Ne3+ 47. Kc3 Nf1 48. Rxc4 Rb7 $14 (48... Rxc4+
49. Nxc4 Nxg3 50. Kd4 $16 Ne2+ 51. Ke3)) 44... Nb6 45. Ne3 a5 $1 {(><b4)} 46.
Kc3 Na4+ 47. Kc2 Nb6 48. Kc3 1/2-1/2

[Event "EU-chT (Men) 12th"]
[Site "Batumi"]
[Date "1999.12.05"]
[Round "7.2"]
[White "Kacheishvili, Giorgi"]
[Black "Istratescu, Andrei"]
[Result "1-0"]
[WhiteElo "2577"]
[BlackElo "2570"]
[Annotator "Golod,V"]
[PlyCount "51"]
[EventDate "1999.11.06"]
[EventType "team-swiss"]
[EventRounds "9"]
[EventCountry "GEO"]
[SourceTitle "CBM 074"]
[Source "ChessBase"]
[SourceDate "2000.02.01"]
[SourceVersion "1"]
[SourceVersionDate "2000.02.01"]
[SourceQuality "1"]
[WhiteTeam "Georgia"]
[BlackTeam "Romania"]
[WhiteTeamCountry "GEO"]
[BlackTeamCountry "ROU"]

1. d4 Nf6 2. c4 e6 3. Nc3 Bb4 4. Qc2 O-O 5. a3 Bxc3+ 6. Qxc3 b6 7. Bg5 Ba6 $5 (
{Other lines are:} 7... c5) ({and} 7... Bb7) 8. e3 c5 $6 $146 {[%mdl 16384]} (
8... d6 $5 {Is the main line.See comments to Karpov,A-Polgar,J/Hoogeveen,1999/
CBM 74 (1/2-1/2)(Golod,V)(39)}) 9. dxc5 {This move-right reaction! to 8...c5}
bxc5 10. Bd3 $5 $14 {With the idea 11.0-0-0 and strong attack in the king side.
} ({Much worse is:} 10. Bxf6 Qxf6 11. Qxf6 gxf6 12. O-O-O Rc8 13. Nf3 Bb7 $11 {
[%csl Rd6][%cal Yg8f8,Yf8e7]}) 10... d5 $6 ({Also dubious:} 10... Nc6 $6 {
in view of:} 11. b4 {[%csl Ra6,Rc6][%cal Gb4b5]} cxb4 12. axb4 Bb7 13. Nf3 {
+/=/+/-}) (10... Bb7 $142 11. Nf3 $14) 11. O-O-O {[%csl Gd1,Rd8]} Nbd7 $2 {
[%mdl 8192] Evident tactical blunder. Probably black blundered because he
didn't see13.dxe6 with winning pawn.} ({Again can be recommended:} 11... Bb7
$14) 12. cxd5 Bxd3 $8 (12... Nxd5 $4 {is refuted by:} 13. Bxh7+ Kh8 (13... Kxh7
$143 14. Qc2+ {[%csl Rd8,Rh7]}) 14. Rxd5 $1 {[%csl Rd8][%cal Yd5g5]} f6 (14...
Qc8 15. Rxd7 Qxd7 16. Bc2 $18) 15. Rd6 $18) 13. dxe6 $1 $16 {[%csl Rd3,Rd7]} c4
({Or:} 13... fxe6 14. Rxd3 Qb6 15. Nf3 Nd5 16. Qc2 $16) 14. exd7 Qxd7 $2 {
Again inexplicable mistake.} ({More stubborn resistance after:} 14... Ne4 $1
15. Bxd8 $8 Nxc3 16. Rxd3 $1 ({Badly:} 16. bxc3 $2 Rfxd8 17. Nf3 {because of:}
Rxd7 18. Ne5 $140 (18. Nd4 $2 Rb8 $36) 18... Rb8 $1 19. Nxd7 (19. Rxd3 $2 Rdb7
$1 {[%csl Rc1]} 20. Nxc4 (20. Rdd1 $2 Rb1+ 21. Kd2 R8b2+ 22. Ke1 Rxd1+ 23. Kxd1
Rb1+ $17 {[%csl Rh1]}) 20... Rb1+ 21. Kd2 Rxh1 $15) (19. Nxd3 cxd3 $132 {
[%cal Gd7b7,Gb8b3]}) (19. Nxc4 $4 Rb1+ 20. Kd2 Bf1+ {[%csl Rd1]} 21. Kc2 Rdxd1
$19) 19... Rb1+ 20. Kd2 Rb2+ 21. Ke1 (21. Kc1 Rb1+ $11) 21... Re2+ 22. Kf1 Rd2+
23. Ke1 Re2+ $11) 16... cxd3 $8 (16... Na2+ $2 17. Kb1 cxd3 18. Be7 d2 19. Nf3
$18) (16... Ne2+ $2 17. Nxe2 cxd3 18. Bc7 $18) 17. Be7 Ne4 18. Nh3 $1 (18. Nf3
$6 Nxf2 19. Rf1 Ne4 20. Bxf8 Kxf8 21. Ne5 Ke7 $16) 18... Rfd8 19. Bxd8 Rxd8 20.
f3 Nc5 21. b4 Na4 22. Kd2 Rxd7 23. Rc1 $18 {[%csl Rd3]}) 15. Bxf6 gxf6 16. Ne2
$5 {/\Nf4(><d3)or Nd4} ({A little worse is:} 16. Qxf6 Qb5 17. Nf3 c3 $1 18.
Qg5+ Qxg5 19. Nxg5 {+/-/+-}) 16... Rab8 17. Nf4 Rfc8 ({Wealy:} 17... Qf5 {
because of:} 18. g4 Qe5 (18... Qe4 $143 19. Nh5 $18) 19. Qxe5 fxe5 20. Nxd3
cxd3 21. Rxd3 $18) 18. Nh5 $1 {[%csl Rd7,Rf6,Rg8][%cal Gh5f6]} Qa4 ({Slightly
better is:} 18... Qe6 19. Qxf6 Qxf6 20. Nxf6+ Kh8 21. Nd5 Rb3 22. Rhe1 Rcb8 23.
Nb4 (23. Rd2 $4 Rxa3 {[%csl Rc1]}) 23... Bg6 (23... a5 $2 24. Nxd3 cxd3 25. Rd2
$18) 24. e4 {[%csl Ye4,Gg6]} c3 (24... a5 $143 25. Nc6 $18) 25. bxc3 Rxc3+ 26.
Kb2 Rc4 27. Kb3 Rxe4 28. Rxe4 Bxe4 29. f3 {+/-/+-_|_}) 19. Nxf6+ Kf8 20. Nd5
$18 {[%csl Rf8][%cal Gc3h8]} Ke8 $8 21. Rd2 {[%cal Gh1d1]} ({Dubious:} 21. Qe5+
Kd7 $140 22. Qe7+ $4 (22. Rd2 $5) 22... Kc6 {[%csl Rc1,Rd5][%cal Ga4c2]} 23.
Rd2 Kxd5 $15) ({In my opinion a little better is:} 21. e4) 21... Kd7 ({Another
alternative is:} 21... Rb3 22. Qe5+ (22. Qf6 $2 Qxa3 $40 {[%csl Rc1][%cal
Ga3a1]}) 22... Kd7 23. Nc3 $1 (23. Qe7+ Kc6 24. Nb4+ Kb6 25. Qf6+ Kb5 $16)
23... Qc6 24. Rhd1 $18 {[%cal Gd2d3]}) 22. Rhd1 Rb3 23. Qd4 {[%csl Ra4,Rc8,Gd4,
Rd7][%cal Gd5b6]} Qxa3 ({Also loses:} 23... Ke8 24. Qe5+ Kd7 25. Nc3 Qa6 (25...
Qc6 26. Rxd3+ cxd3 27. Rxd3+) 26. Rxd3+ cxd3 27. Qd5+ {[%csl Rb3,Rd7]}) (23...
Qc6 24. Nb6+ Kc7 25. Nxc8 Kxc8 26. e4 $18) ({and} 23... Ke6 24. f4 $5 Qxa3 $140
25. f5+ Kd7 (25... Kxf5 26. Rf2+ Ke6 27. Rf6+ Kd7 28. Nb6+ {[%csl Ra3,Rd7]}) (
25... Bxf5 26. Qf6+ Kd7 27. Nc3+ {[%csl Ra3,Rd7]}) 26. Nc3+ Qd6 27. Rxd3 $1
cxd3 28. Qa4+ {[%csl Rb3,Rd7]}) 24. Nc3+ $1 {[%csl Yc3][%cal Yc3b1]} (24. bxa3
$4 Rb1#) 24... Qd6 $140 $8 25. Rxd3 $1 cxd3 26. Qa4+ {[%csl Rb3,Rd7] To my
regret whole this game and especially its opening Andrei Istratescu conducted
very weakly.} 1-0